[Event "Manavgat Turkey Cup"]
[Site "Manavgat"]
[Date "2016.02.04"]
[Round "8"]
[White "Altin, Kadir"]
[Black "Kocyigit, Buse Naz"]
[Result "1/2-1/2"]
[WhiteElo "1773"]
[BlackElo "1486"]
[PlyCount "59"]
[EventDate "2016.01.30"]
[EventType "swiss"]
[EventRounds "11"]
[EventCountry "TUR"]
[SourceTitle "CBM 170 Extra"]
[Source "ChessBase"]
[SourceDate "2016.02.25"]
[SourceVersion "1"]
[SourceVersionDate "2016.02.25"]
[SourceQuality "1"]

1. e4 c6 2. Nc3 d5 3. Nf3 Bg4 4. h3 Bxf3 5. Qxf3 dxe4 6. Nxe4 Nd7 7. Bc4 Ngf6 8. Qe2 Nxe4 9. Qxe4 Nf6 10. Qe2 e6 11. a4 Bd6 12. d3 Nd5 13. c3 Qf6 14. Bd2 0-0 15. 0-0 Rad8 16. Qg4 Qg6 17. Qf3 Bc7 18. Rfe1 f5 19. Re2 e5 20. Qg3 Qxg3 21. fxg3 Kh8 22. Bg5 Rd7 23. Rd1 Nb6 24. Bb3 h6 25. Bc1 Rdd8 26. Red2 Nd5 27. Re2 Nf6 28. Red2 g6 29. Kf2 c5 30. Bc2 1/2-1/2

[Event "Manavgat Turkey Cup"]
[Site "Manavgat"]
[Date "2016.01.30"]
[Round "1"]
[White "Apaydin, Fethi"]
[Black "Altin, Kadir"]
[Result "1-0"]
[WhiteElo "2234"]
[BlackElo "1773"]
[PlyCount "97"]
[EventDate "2016.01.30"]
[EventType "swiss"]
[EventRounds "11"]
[EventCountry "TUR"]
[SourceTitle "CBM 170 Extra"]
[Source "ChessBase"]
[SourceDate "2016.02.25"]
[SourceVersion "1"]
[SourceVersionDate "2016.02.25"]
[SourceQuality "1"]

1. e4 g6 2. Nc3 d6 3. g3 Bg7 4. d3 c6 5. Bg2 Nd7 6. f4 Qc7 7. Nf3 b5 8. 0-0 Bb7 9. h3 Rc8 10. Ne2 c5 11. g4 c4 12. Rb1 b4 13. Be3 Nc5 14. f5 Ba6 15. Nf4 Bb7 16. Ng5 Bf6 17. Nxf7 Kxf7 18. fxg6+ hxg6 19. g5 Qd7 20. Qf3 Ne6 21. gxf6 Nxf6 22. Nd5 Bxd5 23. exd5 Nf8 24. Bd4 N8h7 25. Rbe1 Ng5 26. Qg4 Qxg4 27. hxg4 Ngh7 28. g5 Nxg5 29. Rxe7+ Kxe7 30. Bxf6+ Kd7 31. Bxg5 Rcf8 32. Rxf8 Rxf8 33. dxc4 Kc7 34. Bd2 a5 35. a3 bxa3 36. Bxa5+ Kb7 37. bxa3 Rf4 38. Bf1 Rf3 39. Bb4 Kc7 40. Kg2 Rf4 41. c5 dxc5 42. Bxc5 Rf5 43. c4 Rf4 44. Be3 Re4 45. Kf3 Re8 46. c5 Ra8 47. Bb5 Rxa3 48. d6+ Kd8 49. c6 1-0